| 000 | 00635nam a22002057a 4500 | ||
|---|---|---|---|
| 003 | OSt | ||
| 005 | 20260511112724.0 | ||
| 008 | 260511b |||||||| |||| 00| 0 eng d | ||
| 020 | _a9781984694584 Pbk. Bp. | ||
| 040 |
_aMMSU _cULS |
||
| 050 | _aRT 89 S74 2025 CHS | ||
| 100 | _aStewart, Gavin | ||
| 245 |
_aNursing leadership and management / _cGavin Stewart. |
||
| 260 |
_aNew York, NY : _b 3G E-Learning, _c2025. |
||
| 300 |
_axix, 245 pages : _billustrations ; _c26 cm. |
||
| 504 | _aIncludes bibliographical references and index. | ||
| 650 | _aNursing services--Administration. | ||
| 650 |
_aLeadership. _9800 |
||
| 942 |
_2lcc _cBK |
||
| 999 |
_c29137 _d29137 |
||